| Tag |
First Indicator |
Second Indicator |
Subfields |
| LEADER |
00000cam a2200000Ka 4500 |
| 001 |
in00002621189 |
| 005 |
20151201155128.0 |
| 008 |
880419s1917 enk 000 p eng d |
| 035 |
|
|
|a (OCoLC)ocm17809473
|
| 035 |
|
|
|a (OCoLC)17809473
|
| 040 |
|
|
|a NLW
|c NLW
|d TXA
|d UtOrBLW
|
| 049 |
|
|
|a TXAM
|
| 090 |
|
|
|a PR6029.X4
|b F53 1917
|
| 100 |
1 |
|
|a Oxenham, John,
|d 1852-1941.
|
| 245 |
1 |
4 |
|a The fiery cross :
|b by John Oxenham.
|
| 264 |
|
1 |
|a London :
|b Methuen,
|c 1917.
|
| 300 |
|
|
|a 96 pages ;
|c 15 x 9 cm.
|
| 336 |
|
|
|a text
|b txt
|2 rdacontent
|
| 337 |
|
|
|a unmediated
|b n
|2 rdamedia
|
| 338 |
|
|
|a volume
|b nc
|2 rdacarrier
|
| 536 |
|
|
|a The Cushing Library/Lit./Mitchell copy was acquired by Cushing as part of the Dominic Hibberd World War I Poets Collection.
|
| 948 |
|
|
|a cataloged
|b h
|c 2010/9/8
|d c
|e hgolay
|f 10:28:19 am
|
| 994 |
|
|
|a C0
|b TXA
|
| 999 |
|
|
|a MARS
|
| 999 |
f |
f |
|s 1bd86717-a8cd-3180-afa1-55045facf135
|i 388e5866-74ed-3552-bfff-8b12db227e58
|t 0
|
| 952 |
f |
f |
|p noncirc
|a Texas A&M University
|b College Station
|c Cushing Memorial Library & Archives
|d Cushing: Literature/Mitchell (Does not check out)
|t 0
|e PR6029.X4 F53 1917
|h Library of Congress classification
|i unmediated -- volume
|
| 998 |
f |
f |
|a PR6029.X4 F53 1917
|t 0
|l Cushing: Literature/Mitchell (Does not check out)
|